000 00720nam a2200241Ia 4500
003 OSt
005 20220926005219.0
006 a|||||r|||| 00| 0
007 ta
008 220923b |||||||| |||| 00| 0 eng d
020 _a8170365503
037 _cGeneral Book
040 _aRTL
_cRTL
_beng
041 _2eng
_aeng
082 _aX:77:(G:55), N6
100 _aKrishna Sumi
_9102102
245 0 _aEnvironmental politics
_b People's lives and development
260 _a New Delhi
_bSage Publications India
_c1996
300 _a303p. Bibliography p.272-91
_ccm.
650 _aEconomic Development
_917300
942 _hX:77:(G:55), N6
_cGB
_2CC
999 _c613187
_d613187